Analýza konštrukcie pri zaťažení vetrom

Salvato in:
Dettagli Bibliografici
Autore principale: Tongeľ, Denis (Autore)
Altri autori: Tvrdá, Katarína (Relatore della tesi)
Natura: Manoscritto Libro
Lingua:slovacco
Pubblicazione: 2016
Soggetti:
Accesso online:http://is.stuba.sk/zp/portal_zp.pl?podrobnosti=118096
https://opac.crzp.sk/?fn=detailBiblioForm&sid=FFEED6484134604A3C73A9B88729
Tags: Aggiungi Tag
Nessun Tag, puoi essere il primo ad aggiungerne!!

MARC

LEADER 00000ntm a22000003a 4500
001 stuzp57068
003 SK-STU
005 20231009151435.9
007 ta
008 150427s2015----xo-----f-mn---000-0-slo-d
040 |a STU  |b slo 
041 0 |a slo 
100 1 |a Tongeľ, Denis  |u 010250  |4 aut  |U SvF Stavebná fakulta  |T SvF Katedra stavebnej mechaniky  |X 7789  |U V250  |Y 26  |7 A000007789 
242 0 1 |a Analysis of construction of wind load  |y eng 
245 1 0 |a Analýza konštrukcie pri zaťažení vetrom 
260 |c 2016 
650 4 |a výšková stavba  |2 slo 
650 4 |a zaťaženie  |2 slo 
650 4 |a medzný stav únosnosti  |2 slo 
650 4 |a vietor  |2 slo 
650 4 |a medzný stav používateľnosti  |2 slo 
650 4 |a trhliny  |2 slo 
650 4 |a load  |2 eng 
650 4 |a ultimate limit states  |2 eng 
650 4 |a serviceability limit states  |2 eng 
650 4 |a high-rise building  |2 eng 
650 4 |a wind  |2 eng 
650 4 |a cracks  |2 eng 
700 1 |a Tvrdá, Katarína  |u 010250  |k Z1  |4 ths  |U SvF Stavebná fakulta  |T SvF Katedra stavebnej mechaniky  |X 662  |U V250  |Y 26  |7 A000000662 
856 4 |u http://is.stuba.sk/zp/portal_zp.pl?podrobnosti=118096 
856 4 |u https://opac.crzp.sk/?fn=detailBiblioForm&sid=FFEED6484134604A3C73A9B88729 
SQL |a stuzp57068  |b DDP  |c SLO  |d Analýza konštrukcie pri zaťažení vetrom  |e 7789  |f Tongeľ, Denis  |g 010250  |h 662  |i Tvrdá, Katarína  |j 20160614  |k 945  |l 01  |m http://is.stuba.sk/zp/portal_zp.pl?podrobnosti=118096  |n I-NKS  |o 5.1.5. inžinierske konštrukcie a dopravné stavby